000 00498nam a2200217Ia 4500
003 0100
008 130303s9999 xx 000 0 und d
020 _a0710092083
040 _cARRUPELIB
050 _aB1875.W69 1978
100 _aWilson, Margaret Dauler
245 _aDescartes
260 _aLondon
260 _bRoutledge and Kegan Paul
260 _C1978
300 _a255p.
300 _b 22cm
440 _aThe arguments of philosophers
650 _aPHILOSOPHY
942 0 0 _01
999 _c27327
_d27327